000 01597cam a22004694i 4500
003 PE-LiUPU
005 20250731173534.0
008 150616s r 000 0 d
020 _a0801090032
035 _a(Sirsi) i9780801090035
040 _aPE-LiUPU
_bspa
_cPE-LiUPU
_erda
049 _aPRUA
082 0 4 _a253.2
_bS98
_221
100 1 _aSwetland, Kenneth L.,
_eautor.
245 1 4 _aThe Hidden World of the Pastor.
264 1 _aGrand Rapids, Michigan :
_bBaker Books,
_c1995.
300 _a192 páginas ;
_c22 centímetros
336 _atext
_2rdacontent
337 _aunmediated
_2rdamedia
338 _avolume
_2rdacarrier
504 _aBibliografía: páginas 175-192.
505 0 _aShould pete be reinstated?.- The pastor's daughter is a rebel.- Can dirk survive?.- Norm was fird.- Is there a place for me?.
526 _aSEG42
526 _aSEG41
526 _aSEG40
526 _aSEG39
526 _aP94
526 _aP87
526 _aP86
526 _aP85
526 _aP77
526 _aP76
526 _aP35
650 0 4 _aPASTORES - ESTADOS UNIDOS - ESTUDIO DE CASOS.
910 _ajck
_bjvq
_cjck
942 _2ddc
_cBOOK
949 _a253.2 S98
_wDEWEY
_c1
_i42359
_lCCODEBUL1
_mBUL
_r0
_sY
_tBOOK
_u2015-6-16
_xTEOLOGIA
_zUNKNOWN
_0COMPRA
_o.STAFF. Colección General
994 _aC0
_bPEPRU
596 _a1
999 _a253.2 S98
_wDEWEY
_c60193
_i42359
_f2021-11-10
_g5
_lCCODEBUL1
_mBUL
_r0
_sY
_tBOOK
_u2015-6-16
_xTEOLOGIA
_zUNKNOWN
_0COMPRA
_o.STAFF. Colección General
_d60193
980 _81
_gALBERTO SANCHEZ Responsable de Automatización